000 00278nam a2200121Ia 4500
008 190216s9999||||xx |||||||||||||| ||und||
100 _aHariharan Ashamnnoor
245 0 _aGrimminde Kathakal
260 _bDc Books Kottayam
300 _a424
650 _aKathakal
942 _cBK
999 _c27892
_d27892